| 000 | 00865nam a2200217Ia 4500 | ||
|---|---|---|---|
| 003 | 0 | ||
| 005 | 20250130141412.0 | ||
| 008 | 150126s9999 xx 000 0 und d | ||
| 050 |
_aPHS RC 537 _b.M389 2014 |
||
| 100 | _aMaruyama, Daichi Fernando M. | ||
| 245 | 4 |
_aThe level of depression and academic achievement of grade 11 students / _cDaichi Fernando M. Maruyama. |
|
| 260 |
_aLas PiƱas City, Philippines : _bSouthville International School and Colleges, _c2014. |
||
| 300 |
_a26 pages : _billustration ; _c28 cm. |
||
| 504 | _aIncludes bibliographical references. | ||
| 650 | _aDepression in adolescence. | ||
| 650 |
_aAcademic achievement _vPsychological aspects. |
||
| 650 |
_aHigh school students _vMental health. |
||
| 650 | _aStress (Psychology) in adolescence. | ||
| 650 |
_aDepression, Mental _vEffect on cognitive performance. |
||
| 942 |
_2lcc _cPASS |
||
| 999 |
_c278701 _d278701 |
||